Guia Educativa para la conservación de las aves y su Hábitat (Registro nro. 19695)
[ vista simple ]
| 000 -CABECERA | |
|---|---|
| Campo de control | 00709nam a22001937a 4500 |
| 005 - FECHA Y HORA DE LA ULTIMA TRANSACCION | |
| Campo de control | 20170710094858.0 |
| 008 - ELEMENTOS DE LONGITUD FIJA—INFORMACION GENERAL | |
| Campo de control | 170710b xxu||||| |||| 00| 0 spa d |
| 040 ## - FUENTE DE CATALOGACIÓN | |
| Agencia catalogadora original | CO-BoIAVH |
| Agencia transcriptora | CO-BoIAVH |
| 041 ## - IDIOMA | |
| Código de idioma para texto/pista de sonido o título separado | Español |
| 044 ## - PAÍS DE PUBLICACIÓN | |
| País de publicación | Colombia |
| 090 ## - CLASIFICACIÓN LOCAL | |
| Colección | FH- |
| 100 ## - ASIENTO PRINCIPAL--NOMBRE PERSONAL | |
| Nombre personal | Havh |
| Fechas asociadas con el nombre | 2007 |
| 245 ## - MENCION DE TITULO | |
| Título | Guia Educativa para la conservación de las aves y su Hábitat |
| Parte restante del título | Área de importancia para la conservacion de las aves- AICA "Reserva de aves Periquito Aliamarillo de Mamapacha |
| 260 ## - PUBLICACION, DISTRIBUCION, ETC. (PIE DE IMPRENTA) | |
| Lugar de publicación, distribución, etc. | Boyaca: |
| Nombre del editor, distribuidor, etc. | Havh, |
| Fecha de publicación, distribución, etc. | 2007. |
| 300 ## - DESCRIPCION FISICA | |
| Extensión | folleto |
| Otros detalles físicos | Fotos a color |
| Dimensiones | 23 x 16 cm |
| 700 ## - ASIENTO SECUNDARIO - NOMBRE PERSONAL | |
| Nombre personal | Guía Educativa para la Conservación de las Aves y su Habitat |
| Fechas asociadas con el nombre | 2007 |
| 710 ## - ASIENTO SECUNDARIO - NOMBRE CORPORATIVO | |
| Nombre corporativo o de jurisdicción como elemento de entrada | instituto humboldt |
| 942 ## - ELEMENTOS ADICIONALES (KOHA) | |
| Sistema de clasificación | Local |
| Tipo de ítem | Folleto |
No hay ítems disponibles.